Practical Business Statistics. (Record no. 4010)

MARC details
005 - DATE AND TIME OF LATEST TRANSACTION
control field 20250613151312.0
020 ## - INTERNATIONAL STANDARD BOOK NUMBER
International Standard Book Number 0-07-282125-6
082 ## - DEWEY DECIMAL CLASSIFICATION NUMBER
Classification number 519.6 SIE
100 ## - MAIN ENTRY--PERSONAL NAME
Author name SIEGEL, A.
245 ## - TITLE STATEMENT
Title Practical Business Statistics.
250 ## - EDITION STATEMENT
Edition statement 5th Ed.
260 ## - PUBLICATION, DISTRIBUTION, ETC.
Place of publication, distribution, etc. New York,
Name of publisher, distributor, etc. Mc Graw Hill,
Date of publication, distribution, etc. 2003
300 ## - PHYSICAL DESCRIPTION
Extent xxvi, 843p.; ill.; figure, table, picture
Other physical details Index & Glossary
Dimensions 28cm
942 ## - ADDED ENTRY ELEMENTS (KOHA)
Source of classification or shelving scheme Dewey Decimal Classification
Koha item type Books
Holdings
Date last seen Total checkouts Full call number Barcode Cost, replacement price Price effective from Koha item type Lost status Source of classification or shelving scheme Damaged status Not for loan Withdrawn status Home library Current library Shelving location Date acquired Cost, normal purchase price
06/13/2025   519 SIE DOM000840 255000.00 06/13/2025 Books   Dewey Decimal Classification       CBE Dodoma CBE Dodoma General Collection 05/26/2015 85000.00
06/25/2025   519 SIE DOM000951 255000.00 06/25/2025 Books   Dewey Decimal Classification       CBE Dodoma CBE Dodoma General Collection 05/26/2015 85000.00